[Event "SVK-chT2D 2223"]
[Site "Slovakia"]
[Date "2022.11.27"]
[Round "6.2"]
[White "Tauber, Marek"]
[Black "Turzak, Milan"]
[Result "1-0"]
[WhiteElo "2060"]
[BlackElo "1910"]
[PlyCount "47"]
[EventDate "2022.10.08"]
[EventType "team-tourn"]
[EventRounds "11"]
[EventCountry "SVK"]
[SourceTitle "EXT 2024"]
[Source "ChessBase"]
[SourceDate "2023.10.10"]
[SourceVersion "1"]
[SourceVersionDate "2023.10.10"]
[SourceQuality "1"]
[WhiteTeam "Spisska Nova Ves"]
[BlackTeam "Gelnica Slovan"]
[WhiteTeamCountry "SVK"]
[BlackTeamCountry "SVK"]

1. e4 e5 2. Nf3 Nf6 3. d4 exd4 4. e5 Ne4 5. Qxd4 d5 6. exd6 Nxd6 7. Nc3 Nc6 8. Qf4 g6 9. Bd2 Bg7 10. 0-0-0 0-0 11. Bd3 Bd7 12. h4 h6 13. Rhe1 a6 14. Ne4 Nxe4 15. Bxe4 Qc8 16. h5 g5 17. Nxg5 hxg5 18. Qxg5 Qd8 19. h6 Qxg5 20. Bxg5 Be6 21. hxg7 Kxg7 22. Rd3 Rfe8 23. Rg3 Rac8 24. Be7+ 1-0

[Event "SVK-chT2D 2223"]
[Site "Slovakia"]
[Date "2022.11.13"]
[Round "4.3"]
[White "Ihnat, Marek1111"]
[Black "Turzak, Milan"]
[Result "1/2-1/2"]
[WhiteElo "2095"]
[BlackElo "1904"]
[PlyCount "104"]
[EventDate "2022.10.08"]
[EventType "team-tourn"]
[EventRounds "11"]
[EventCountry "SVK"]
[SourceTitle "EXT 2024"]
[Source "ChessBase"]
[SourceDate "2023.10.10"]
[SourceVersion "1"]
[SourceVersionDate "2023.10.10"]
[SourceQuality "1"]
[WhiteTeam "Stropkov/Svidnik"]
[BlackTeam "Gelnica Slovan"]
[WhiteTeamCountry "SVK"]
[BlackTeamCountry "SVK"]

1. e4 e5 2. Nf3 Nf6 3. Nxe5 d6 4. Nf3 Nxe4 5. d4 d5 6. Bd3 Bd6 7. 0-0 0-0 8. c4 c6 9. Nc3 Nxc3 10. bxc3 h6 11. Rb1 b6 12. h3 Nd7 13. cxd5 cxd5 14. Bd2 Re8 15. Qb3 Nf6 16. Rfe1 Be6 17. Qc2 Qc7 18. Bf5 Bxf5 19. Qxf5 Qd7 20. Qxd7 Nxd7 21. a4 Rxe1+ 22. Nxe1 Rb8 23. Nd3 Kf8 24. Kf1 Rc8 25. Rb5 Nf6 26. f3 Bc7 27. Nb4 Rd8 28. Ke2 Ke8 29. g4 g5 30. Be1 Rd7 31. Kd3 Bf4 32. a5 Rd6 33. h4 Kd7 34. Bf2 Kc7 35. axb6+ axb6 36. Kc2 Rd8 37. Nd3 Kc6 38. Rb2 Bd6 39. Ra2 Nd7 40. Ne1 Re8 41. Kd3 f5 42. gxf5 Rf8 43. hxg5 hxg5 44. Be3 Rxf5 45. Rg2 Be7 46. Rg3 Nf8 47. Bg1 Ne6 48. Ng2 b5 49. Rh3 Rf6 50. Be3 Bd6 51. Ke2 b4 52. Kd3 bxc3 1/2-1/2

[Event "SVK-chT2D 2122"]
[Site "Slovakia"]
[Date "2022.02.12"]
[Round "5.5"]
[White "Turzak, Milan"]
[Black "Kopcak, Stanislav"]
[Result "1/2-1/2"]
[WhiteElo "1892"]
[BlackElo "1915"]
[PlyCount "26"]
[EventDate "2021.10.16"]
[EventType "team-tourn"]
[EventRounds "11"]
[EventCountry "SVK"]
[SourceTitle "EXT 2023"]
[Source "ChessBase"]
[SourceDate "2022.10.05"]
[SourceVersion "1"]
[SourceVersionDate "2022.10.05"]
[SourceQuality "1"]
[WhiteTeam "Margecany"]
[BlackTeam "Poprad LS VD"]
[WhiteTeamCountry "SVK"]
[BlackTeamCountry "SVK"]

1. e4 c5 2. Nc3 e6 3. f4 d5 4. Nf3 dxe4 5. Nxe4 Nc6 6. Bb5 Bd7 7. 0-0 a6 8. Bxc6 Bxc6 9. Qe2 Be7 10. b3 Nf6 11. d3 0-0 12. Bb2 Nxe4 13. dxe4 f6 1/2-1/2

[Event "SVK-chT2D 1920"]
[Site "Slovakia"]
[Date "2019.11.17"]
[Round "4.4"]
[White "Turzak, Milan"]
[Black "Paluch, Ladislav"]
[Result "1-0"]
[WhiteElo "1942"]
[BlackElo "1924"]
[PlyCount "59"]
[EventDate "2019.10.26"]
[EventType "team-tourn"]
[EventRounds "11"]
[EventCountry "SVK"]
[SourceTitle "CBM 193 Extra"]
[Source "ChessBase"]
[SourceDate "2020.01.31"]
[SourceVersion "1"]
[SourceVersionDate "2020.01.31"]
[SourceQuality "1"]
[WhiteTeam "Gelnica Slovan"]
[BlackTeam "Velke Kapusany"]
[WhiteTeamCountry "SVK"]
[BlackTeamCountry "SVK"]

1. e4 e6 2. d4 d5 3. Nd2 Nf6 4. Bd3 c5 5. e5 Nfd7 6. c3 Nc6 7. Ne2 Qb6 8. Nf3 cxd4 9. cxd4 Bb4+ 10. Bd2 f6 11. exf6 Nxf6 12. 0-0 Bxd2 13. Qxd2 0-0 14. Rac1 Bd7 15. Rc3 a6 16. Ng3 Kh8 17. Bb1 Rac8 18. Rd1 Ne7 19. Rb3 Qc7 20. Re1 b5 21. Ne5 Be8 22. Qg5 Qa7 23. Qh4 g6 24. Rf3 Nf5 25. Nxf5 exf5 26. g4 Qxd4 27. Qh6 Rg8 28. Bxf5 Rc7 29. Be6 Bd7 30. Nf7# 1-0

[Event "SVK-chT2D 1819"]
[Site "Slovakia"]
[Date "2019.04.06"]
[Round "10.6"]
[White "Popovic, Martin"]
[Black "Turzak, Milan"]
[Result "1-0"]
[WhiteElo "1820"]
[BlackElo "1987"]
[PlyCount "45"]
[EventDate "2018.10.13"]
[EventType "team-tourn"]
[EventRounds "11"]
[EventCountry "SVK"]
[SourceTitle "EXT 2020"]
[Source "ChessBase"]
[SourceDate "2019.10.17"]
[SourceVersion "1"]
[SourceVersionDate "2019.10.17"]
[SourceQuality "1"]
[WhiteTeam "Kosice Slavia TU IV"]
[BlackTeam "Margecany"]
[WhiteTeamCountry "SVK"]
[BlackTeamCountry "SVK"]

1. e4 e5 2. Nf3 Nf6 3. Nxe5 d6 4. Nf3 Nxe4 5. Nc3 Nxc3 6. dxc3 Be7 7. Be3 Nd7 8. Qd2 Ne5 9. Be2 Bd7 10. Nxe5 dxe5 11. Bf3 c6 12. g4 Qa5 13. Qe2 Be6 14. Kf1 f5 15. gxf5 Bxf5 16. Bg4 0-0 17. Rg1 Bg6 18. Be6+ Kh8 19. Rxg6 hxg6 20. Qg4 Qd8 21. Rd1 Rf5 22. Rxd8+ Rxd8 23. Qxg6 1-0

[Event "SVK-chT2D 1819"]
[Site "Slovakia"]
[Date "2018.11.18"]
[Round "4.6"]
[White "Turzak, Milan"]
[Black "Dujava, Daniel"]
[Result "1/2-1/2"]
[WhiteElo "1987"]
[BlackElo "1892"]
[PlyCount "46"]
[EventDate "2018.10.13"]
[EventType "team-tourn"]
[EventRounds "11"]
[EventCountry "SVK"]
[SourceTitle "CBM 187 Extra"]
[Source "ChessBase"]
[SourceDate "2018.11.04"]
[SourceVersion "1"]
[SourceVersionDate "2018.11.04"]
[SourceQuality "1"]
[WhiteTeam "Margecany"]
[BlackTeam "Sabinov II"]
[WhiteTeamCountry "SVK"]
[BlackTeamCountry "SVK"]

1. e4 e6 2. d4 d5 3. Nd2 c5 4. exd5 exd5 5. Bb5+ Nc6 6. Qe2+ Qe7 7. dxc5 Qxe2+ 8. Nxe2 Bxc5 9. Nb3 Bb6 10. Bf4 Nge7 11. Bd6 a6 12. Bd3 0-0 13. Ng3 Rd8 14. Bxe7 Nxe7 15. 0-0 Ng6 16. Rfe1 Bd7 17. Rad1 Re8 18. c3 Rxe1+ 19. Rxe1 Re8 20. Rxe8+ Bxe8 21. Nf5 Nf4 22. Bf1 g6 23. Nfd4 Ne6 1/2-1/2

[Event "SVK-chT2D 1819"]
[Site "Slovakia"]
[Date "2018.11.17"]
[Round "3.5"]
[White "Turzak, Milan"]
[Black "Belus, Benjamin"]
[Result "0-1"]
[WhiteElo "1987"]
[BlackElo "1887"]
[PlyCount "67"]
[EventDate "2018.10.13"]
[EventType "team-tourn"]
[EventRounds "11"]
[EventCountry "SVK"]
[SourceTitle "CBM 187 Extra"]
[Source "ChessBase"]
[SourceDate "2018.11.04"]
[SourceVersion "1"]
[SourceVersionDate "2018.11.04"]
[SourceQuality "1"]
[WhiteTeam "Margecany"]
[BlackTeam "Presov Slavia PU"]
[WhiteTeamCountry "SVK"]
[BlackTeamCountry "SVK"]

1. e4 c5 2. f4 d5 3. exd5 Nf6 4. Nf3 Nxd5 5. d4 e6 6. c4 Nb6 7. Be3 Nc6 8. Nc3 cxd4 9. Nxd4 Bd7 10. Ndb5 Nb4 11. Kf2 Bc6 12. a3 Na6 13. Qxd8+ Rxd8 14. Nxa7 Bc5 15. Nxc6 bxc6 16. b4 Rd2+ 17. Kf3 Bxe3 18. Kxe3 Rc2 19. Kd3 Rf2 20. c5 Nd7 21. Ne4 Rxf4 22. Nd6+ Ke7 23. Ke3 Rxf1 24. Rhxf1 f6 25. Kd4 Ra8 26. Kc3 Nc7 27. a4 Nd5+ 28. Kb3 Rb8 29. Ka3 Nxb4 30. Rfc1 Nd3 31. Rcb1 Ra8 32. Rb7 e5 33. Rb3 e4 34. a5 0-1

[Event "SVK-chT2D 1718"]
[Site "Slovakia"]
[Date "2018.03.17"]
[Round "10.6"]
[White "Pcola, Jaroslav"]
[Black "Turzak, Milan"]
[Result "1-0"]
[WhiteElo "1966"]
[BlackElo "1981"]
[PlyCount "57"]
[EventDate "2017.10.28"]
[EventType "team-tourn"]
[EventRounds "11"]
[EventCountry "SVK"]
[SourceTitle "EXT 2020"]
[Source "ChessBase"]
[SourceDate "2019.10.17"]
[SourceVersion "1"]
[SourceVersionDate "2019.10.17"]
[SourceQuality "1"]
[WhiteTeam "Humenne Reinter"]
[BlackTeam "Gelnica Slovan"]
[WhiteTeamCountry "SVK"]
[BlackTeamCountry "SVK"]

1. e4 e5 2. Nf3 Nf6 3. Bc4 Nxe4 4. Nc3 Nc6 5. Nxe4 d5 6. Bd3 dxe4 7. Bxe4 Bd6 8. b3 Bd7 9. Bb2 Qe7 10. 0-0 0-0 11. Re1 Qf6 12. d4 exd4 13. Nxd4 Nxd4 14. Bxd4 Qh6 15. g3 c6 16. Be3 Qf6 17. Qd3 Rad8 18. Bd4 Qh6 19. Bxa7 Be6 20. Qf3 f5 21. Bd3 Bd5 22. Bc4 Bxc4 23. bxc4 f4 24. Qg4 Rf6 25. c5 Rg6 26. Qf3 fxg3 27. fxg3 Bf8 28. Rf1 Qg5 29. Qf7+ 1-0

[Event "SVK-chT2D 1718"]
[Site "Slovakia"]
[Date "2017.11.26"]
[Round "4.6"]
[White "Turzak, Milan"]
[Black "Heinrich, Jan"]
[Result "1/2-1/2"]
[WhiteElo "1986"]
[BlackElo "1948"]
[PlyCount "40"]
[EventDate "2017.10.28"]
[EventType "team-tourn"]
[EventRounds "11"]
[EventCountry "SVK"]
[SourceTitle "EXT 2019"]
[Source "ChessBase"]
[SourceDate "2018.10.10"]
[SourceVersion "1"]
[SourceVersionDate "2018.10.10"]
[SourceQuality "1"]
[WhiteTeam "Gelnica Slovan"]
[BlackTeam "Moldava nad Bodvou"]
[WhiteTeamCountry "SVK"]
[BlackTeamCountry "SVK"]

1. e4 Nf6 2. Nc3 d5 3. exd5 Nxd5 4. Bc4 e6 5. Qe2 Be7 6. Ne4 0-0 7. d4 Nb6 8. Nf3 Nxc4 9. Qxc4 Qd5 10. Qe2 b6 11. c4 Bb4+ 12. Bd2 Bxd2+ 13. Nexd2 Qf5 14. 0-0 Bb7 15. Rac1 Nd7 16. Rfd1 c5 17. dxc5 Nxc5 18. Ne1 Rad8 19. Nf1 Qg5 20. Ng3 e5 1/2-1/2

[Event "SVK-chT2D 1718"]
[Site "Slovakia"]
[Date "2017.11.25"]
[Round "3.6"]
[White "Lohyna, Miroslav"]
[Black "Turzak, Milan"]
[Result "0-1"]
[WhiteElo "1791"]
[BlackElo "1986"]
[PlyCount "108"]
[EventDate "2017.10.28"]
[EventType "team-tourn"]
[EventRounds "11"]
[EventCountry "SVK"]
[SourceTitle "EXT 2019"]
[Source "ChessBase"]
[SourceDate "2018.10.10"]
[SourceVersion "1"]
[SourceVersionDate "2018.10.10"]
[SourceQuality "1"]
[WhiteTeam "Kosice 1 CC"]
[BlackTeam "Gelnica Slovan"]
[WhiteTeamCountry "SVK"]
[BlackTeamCountry "SVK"]

1. d4 Nf6 2. c4 c6 3. Nc3 d5 4. Nf3 e6 5. e3 Bd6 6. Bd3 Nbd7 7. 0-0 0-0 8. cxd5 exd5 9. Qc2 Re8 10. Ng5 h6 11. Nf3 Nf8 12. e4 dxe4 13. Nxe4 Nxe4 14. Bxe4 Nd7 15. Bd2 Nf6 16. Bd3 Bg4 17. Nh4 Bc7 18. Bc3 Nd5 19. g3 Qf6 20. Ng2 Bb6 21. Ne3 Bf3 22. Nf5 g6 23. Nh4 Bg4 24. f3 Bxd4+ 25. Bxd4 Qxd4+ 26. Rf2 Nb4 27. Qc3 Qxc3 28. bxc3 Nxd3 29. Rd2 Ne5 30. fxg4 Nxg4 31. Rd7 b6 32. Rf1 Ne5 33. Rc7 c5 34. Nf3 Nc4 35. Ng5 f5 36. Nf7 Kf8 37. Nxh6 Re7 38. Rc6 Kg7 39. Nxf5+ gxf5 40. Rxf5 Rf7 41. Rg5+ Kf8 42. Rcg6 Ke7 43. h4 Raf8 44. Kh2 Rf6 45. Rg7+ R8f7 46. Rg8 Rf2+ 47. Kh3 Rxa2 48. h5 Ra1 49. Rh8 Kf6 50. Rg6+ Kf5 51. g4+ Kf4 52. h6 Ne3 53. Kh2 Ra2+ 54. Kh1 Kg3 0-1

[Event "SVK-chT2D 1718"]
[Site "Slovakia"]
[Date "2017.10.29"]
[Round "2.3"]
[White "Turzak, Milan"]
[Black "Milder, Ladislav"]
[Result "1/2-1/2"]
[WhiteElo "1986"]
[BlackElo "2065"]
[PlyCount "22"]
[EventDate "2017.10.28"]
[EventType "team-tourn"]
[EventRounds "11"]
[EventCountry "SVK"]
[SourceTitle "EXT 2019"]
[Source "ChessBase"]
[SourceDate "2018.10.10"]
[SourceVersion "1"]
[SourceVersionDate "2018.10.10"]
[SourceQuality "1"]
[WhiteTeam "Gelnica Slovan"]
[BlackTeam "Kosice Slavia UPJS III"]
[WhiteTeamCountry "SVK"]
[BlackTeamCountry "SVK"]

1. e4 c5 2. Nc3 Nc6 3. g3 d6 4. Bg2 g6 5. d3 Bg7 6. Nge2 Nf6 7. 0-0 0-0 8. h3 Rb8 9. a4 Bd7 10. Be3 a6 11. f4 b5 1/2-1/2

[Event "SVK-chT2D 1314"]
[Site "Slovakia"]
[Date "2013.11.24"]
[Round "4.6"]
[White "Turzak, Milan"]
[Black "Ducay, Miroslav"]
[Result "1-0"]
[WhiteElo "1983"]
[BlackElo "1990"]
[PlyCount "65"]
[EventDate "2013.10.19"]
[EventType "team-tourn"]
[EventRounds "11"]
[EventCountry "SVK"]
[SourceTitle "EXT 2015"]
[Source "ChessBase"]
[SourceDate "2014.11.20"]
[SourceVersion "1"]
[SourceVersionDate "2014.11.20"]
[SourceQuality "1"]
[WhiteTeam "Gelnica Slovan"]
[BlackTeam "Presov Tatran Dason"]
[WhiteTeamCountry "SVK"]
[BlackTeamCountry "SVK"]

1. e4 e5 2. Nf3 Nc6 3. Bc4 Bc5 4. c3 Nf6 5. d3 h6 6. Nbd2 0-0 7. 0-0 d6 8. h3 Bb6 9. Re1 Re8 10. Nf1 Na5 11. Bb5 Bd7 12. Bxd7 Qxd7 13. Ng3 Nc6 14. Nh4 Kh7 15. Qf3 Ng8 16. Nhf5 g6 17. Ne3 Rf8 18. Nd5 f5 19. exf5 gxf5 20. Kh1 Rae8 21. Bd2 Qf7 22. Re2 Qg6 23. Nxb6 axb6 24. Rae1 Re7 25. b4 Rg7 26. Rg1 Nd8 27. d4 Nf7 28. Qxf5 exd4 29. cxd4 Qxf5 30. Nxf5 Rg6 31. Ne7 Re8 32. Rge1 Rf6 33. Nxg8 1-0

[Event "SVK-chT2D 1213"]
[Site "Slovakia"]
[Date "2013.03.16"]
[Round "10.7"]
[White "Turzak, Milan"]
[Black "Borovsky, Adam"]
[Result "0-1"]
[WhiteElo "1989"]
[BlackElo "1985"]
[PlyCount "76"]
[EventDate "2012.10.13"]
[EventType "team-tourn"]
[EventRounds "11"]
[EventCountry "SVK"]
[SourceTitle "EXT 2015"]
[Source "ChessBase"]
[SourceDate "2014.11.20"]
[SourceVersion "1"]
[SourceVersionDate "2014.11.20"]
[SourceQuality "1"]
[WhiteTeam "Gelnica Slovan"]
[BlackTeam "Kosice Slavia UPJS III"]
[WhiteTeamCountry "SVK"]
[BlackTeamCountry "SVK"]

1. e4 c5 2. Nc3 Nc6 3. g3 d6 4. Bg2 Nf6 5. d3 Bg4 6. Nce2 e6 7. f3 Bh5 8. h4 h6 9. Nf4 Be7 10. Nge2 d5 11. Be3 d4 12. Bf2 Qb6 13. 0-0 g5 14. Nxh5 Nxh5 15. g4 Nf4 16. Nxf4 gxf4 17. Qd2 Qc7 18. c3 Rg8 19. Rfe1 Bd6 20. Rac1 Be5 21. a3 0-0-0 22. c4 f5 23. exf5 exf5 24. Bh3 fxg4 25. fxg4 f3 26. Re4 Rdf8 27. Qe1 Bf4 28. Rb1 Ne5 29. Rxf4 Rxf4 30. g5+ Kd8 31. Qd2 hxg5 32. Kh1 Qf7 33. Bg3 Rxh4 34. Bxh4 gxh4 35. Qh6 Nxd3 36. Qd6+ Ke8 37. Be6 Nf2+ 38. Kh2 Rg2# 0-1

[Event "SVK-chT2D 1213"]
[Site "Slovakia"]
[Date "2013.02.16"]
[Round "8.7"]
[White "Turzak, Milan"]
[Black "Liscinsky, Martin"]
[Result "1-0"]
[WhiteElo "1989"]
[BlackElo "1849"]
[PlyCount "55"]
[EventDate "2012.10.13"]
[EventType "team-tourn"]
[EventRounds "11"]
[EventCountry "SVK"]
[SourceTitle "EXT 2015"]
[Source "ChessBase"]
[SourceDate "2014.11.20"]
[SourceVersion "1"]
[SourceVersionDate "2014.11.20"]
[SourceQuality "1"]
[WhiteTeam "Gelnica Slovan"]
[BlackTeam "Presov Slavia"]
[WhiteTeamCountry "SVK"]
[BlackTeamCountry "SVK"]

1. e4 d6 2. f4 Nc6 3. d4 g6 4. Nf3 Bg7 5. c3 Nf6 6. Be3 Nxe4 7. d5 Qd7 8. Qa4 Nc5 9. Bxc5 dxc5 10. dxc6 Qe6+ 11. Kf2 0-0 12. Nbd2 Rd8 13. Qe4 Qf6 14. cxb7 Bxb7 15. Qxb7 Rab8 16. Qxc7 Rxd2+ 17. Nxd2 Rxb2 18. Rd1 h5 19. Be2 Qxc3 20. Nf3 Qc4 21. Rhe1 Bc3 22. Kf1 Qb4 23. Rd8+ Kg7 24. Qxe7 Bxe1 25. Qf8+ Kf6 26. Rd6+ Kf5 27. Qxf7+ Ke4 28. Qxg6+ 1-0

[Event "SVK-chT2D 1112"]
[Site "Slovakia"]
[Date "2011.10.08"]
[Round "1.5"]
[White "Turzak, Milan"]
[Black "Nayhebaver, Martin"]
[Result "0-1"]
[WhiteElo "2005"]
[BlackElo "2113"]
[PlyCount "92"]
[EventDate "2011.10.08"]
[EventType "team-tourn"]
[EventRounds "11"]
[EventCountry "SVK"]
[SourceTitle "EXT 2013"]
[Source "ChessBase"]
[SourceDate "2012.11.22"]
[SourceVersion "1"]
[SourceVersionDate "2012.11.22"]
[SourceQuality "1"]
[WhiteTeam "Gelnica Slovan"]
[BlackTeam "Kosice Slavia UPJS III"]
[WhiteTeamCountry "SVK"]
[BlackTeamCountry "SVK"]

1. e4 c5 2. f4 Nc6 3. Nf3 d6 4. c3 Nf6 5. d3 g6 6. Be3 Bg7 7. Be2 0-0 8. Nbd2 Ng4 9. Bg1 b6 10. Qc2 Rb8 11. h3 Nf6 12. g4 b5 13. d4 cxd4 14. cxd4 Bd7 15. d5 Nb4 16. Qb3 a5 17. a3 Na6 18. Nd4 Nc5 19. Qf3 e6 20. Bf2 exd5 21. exd5 Re8 22. 0-0 Nfe4 23. Nxe4 Nxe4 24. Qd3 Qf6 25. Rad1 Qxf4 26. Be1 Qe5 27. Bxa5 Qg3+ 28. Qxg3 Nxg3 29. Bf3 Nxf1 30. Kxf1 Rbc8 31. Bc3 h5 32. Kf2 hxg4 33. hxg4 Be5 34. Be2 Rc5 35. Bf3 Rc4 36. Be2 Bxd4+ 37. Rxd4 Rxd4 38. Bxd4 Re4 39. Bc3 Kf8 40. Bf3 Rc4 41. Be2 Rc5 42. Bf3 f5 43. g5 Bc8 44. Ke3 Ke7 45. Bd4 Rc4 46. Be2 f4+ 0-1

[Event "SVK-chT2D 0910"]
[Site "Slovakia"]
[Date "2010.02.28"]
[Round "11.4"]
[White "Turzak, Milan"]
[Black "Jacko, Vladimir"]
[Result "1/2-1/2"]
[WhiteElo "1825"]
[BlackElo "2137"]
[PlyCount "62"]
[EventDate "2009.10.10"]
[EventType "team"]
[EventRounds "11"]
[EventCountry "SVK"]
[SourceTitle "EXT 2011"]
[Source "ChessBase"]
[SourceDate "2010.11.26"]
[SourceVersion "1"]
[SourceVersionDate "2010.11.26"]
[SourceQuality "1"]
[WhiteTeam "Prakovce"]
[BlackTeam "Presov PSK"]
[WhiteTeamCountry "SVK"]
[BlackTeamCountry "SVK"]

1. e4 g6 2. Nc3 Bg7 3. g3 c5 4. Bg2 Nc6 5. d3 Nf6 6. f4 d6 7. Nf3 Bg4 8. 0-0 0-0 9. h3 Bxf3 10. Bxf3 Qd7 11. Kh2 e6 12. Be3 Nd4 13. Bg2 Rac8 14. Ne2 Ne8 15. c3 Nxe2 16. Qxe2 d5 17. Rad1 d4 18. Bd2 Nd6 19. e5 Nf5 20. g4 Ne7 21. cxd4 cxd4 22. Bb4 Rfd8 23. Bd6 Nc6 24. Rc1 Bf8 25. Bxf8 Kxf8 26. Bxc6 Rxc6 27. Rxc6 Qxc6 28. Qf3 Qb5 29. Rf2 Rc8 30. Qe4 Qd5 31. Qxd5 exd5 1/2-1/2

[Event "SVK-chT2D 0910"]
[Site "Slovakia"]
[Date "2010.01.10"]
[Round "7.4"]
[White "Turzak, Milan"]
[Black "Micek, Jaroslav"]
[Result "0-1"]
[WhiteElo "1825"]
[BlackElo "2081"]
[PlyCount "70"]
[EventDate "2009.10.10"]
[EventType "team"]
[EventRounds "11"]
[EventCountry "SVK"]
[SourceTitle "EXT 2011"]
[Source "ChessBase"]
[SourceDate "2010.11.26"]
[SourceVersion "1"]
[SourceVersionDate "2010.11.26"]
[SourceQuality "1"]
[WhiteTeam "Prakovce"]
[BlackTeam "Margecany"]
[WhiteTeamCountry "SVK"]
[BlackTeamCountry "SVK"]

1. e4 c5 2. Nc3 e6 3. g3 a6 4. Bg2 b5 5. d4 cxd4 6. Qxd4 Nc6 7. Qd1 Bc5 8. Nge2 Bb7 9. 0-0 Nf6 10. e5 Ng4 11. Ne4 Be7 12. Nd6+ Bxd6 13. exd6 Nge5 14. Bd2 0-0 15. a4 Qb8 16. axb5 axb5 17. Rxa8 Bxa8 18. Bc3 f6 19. f4 Nc4 20. Qd3 Qb6+ 21. Rf2 Qc5 22. Nd4 Nxd4 23. Qxd4 Qxd4 24. Bxd4 Bxg2 25. Kxg2 Rc8 26. Bc3 Kf7 27. Kf3 Rc6 28. Bb4 Nxb2 29. Rd2 Nc4 30. Rd1 Nb6 31. c3 Nd5 32. Rd3 g6 33. g4 Rc4 34. f5 gxf5 35. gxf5 Rf4+ 0-1

[Event "SVK-chT2D 0910"]
[Site "Slovakia"]
[Date "2010.01.09"]
[Round "6.3"]
[White "Krajnik, Richard"]
[Black "Turzak, Milan"]
[Result "1-0"]
[WhiteElo "1885"]
[BlackElo "1825"]
[PlyCount "145"]
[EventDate "2009.10.10"]
[EventType "team"]
[EventRounds "11"]
[EventCountry "SVK"]
[SourceTitle "EXT 2011"]
[Source "ChessBase"]
[SourceDate "2010.11.26"]
[SourceVersion "1"]
[SourceVersionDate "2010.11.26"]
[SourceQuality "1"]
[WhiteTeam "Kosice Slavia IV"]
[BlackTeam "Prakovce"]
[WhiteTeamCountry "SVK"]
[BlackTeamCountry "SVK"]

1. e4 e5 2. Nf3 Nf6 3. Nc3 Nc6 4. Bc4 Nxe4 5. Bxf7+ Kxf7 6. Nxe4 d5 7. Ng3 Bd6 8. d3 h6 9. 0-0 Rf8 10. c3 Be6 11. Qc2 Kg8 12. b4 a6 13. a3 Qf6 14. Bb2 b5 15. Nd2 Qg6 16. Rac1 h5 17. c4 h4 18. cxd5 hxg3 19. dxe6 gxh2+ 20. Kh1 Nd8 21. e7 Bxe7 22. Qxc7 Bd6 23. Qc2 Ne6 24. Ne4 Bc7 25. Qc6 Qh6 26. Nc5 Nxc5 27. Qxh6 gxh6 28. Rxc5 Bb6 29. Rxe5 Bxf2 30. Re7 Rf5 31. Rg7+ Kf8 32. g4 Rf4 33. Kxh2 Re8 34. Rc1 Bb6 35. Rc2 Bd4 36. Bxd4 Rxd4 37. Rg6 Rxd3 38. Rxa6 Kg7 39. Kg2 Ree3 40. Rc7+ Kf8 41. Ra8+ Re8 42. Rcc8 Rxc8 43. Rxc8+ Kf7 44. Rc5 Rxa3 45. Rxb5 Rb3 46. Rb7+ Kf6 47. b5 Kg5 48. b6 Kxg4 49. Rg7+ Kh4 50. b7 h5 51. Kf2 Kh3 52. Rg3+ Rxg3 53. b8Q h4 54. Kf1 Kh2 55. Qf4 Kh3 56. Qe4 Rg4 57. Qf5 Kg3 58. Qc2 Kf4 59. Kf2 Rg3 60. Qh7 Kg4 61. Qe4+ Kg5 62. Qe6 Kf4 63. Qe2 Kg5 64. Qe4 Kh5 65. Qf5+ Kh6 66. Ke2 Rg2+ 67. Kf3 Rg3+ 68. Kf4 Rg6 69. Qf8+ Kh5 70. Qe8 h3 71. Qe2+ Kh4 72. Qe7+ Kh5 73. Kf5 1-0

[Event "SVK-chT2D 0910"]
[Site "Slovakia"]
[Date "2009.11.08"]
[Round "4.4"]
[White "Kmit, Jozef"]
[Black "Turzak, Milan"]
[Result "1-0"]
[WhiteElo "2060"]
[BlackElo "1825"]
[PlyCount "51"]
[EventDate "2009.10.10"]
[EventType "team"]
[EventRounds "11"]
[EventCountry "SVK"]
[SourceTitle "EXT 2011"]
[Source "ChessBase"]
[SourceDate "2010.11.26"]
[SourceVersion "1"]
[SourceVersionDate "2010.11.26"]
[SourceQuality "1"]
[WhiteTeam "Magura Zborov"]
[BlackTeam "Prakovce"]
[WhiteTeamCountry "SVK"]
[BlackTeamCountry "SVK"]

1. d4 Nf6 2. Bg5 e6 3. e4 Be7 4. Bxf6 Bxf6 5. e5 Be7 6. Qg4 0-0 7. Bd3 c5 8. Nf3 cxd4 9. h4 g6 10. h5 Kg7 11. Nbd2 Nc6 12. hxg6 hxg6 13. 0-0-0 Rh8 14. Ne4 Nb4 15. Rxh8 Qxh8 16. Ng3 Nxa2+ 17. Kb1 Nb4 18. Rh1 Qg8 19. Nh5+ Kf8 20. Nf6 Bxf6 21. exf6 Nd5 22. Qxd4 Ke8 23. c4 Nb4 24. Qd6 Nc6 25. Ne5 Kd8 26. Rh8 1-0

[Event "SVK-chT2D 0809"]
[Site "Slovakia"]
[Date "2009.02.28"]
[Round "10.1"]
[White "Paluch, Ladislav"]
[Black "Turzak, Milan"]
[Result "1-0"]
[WhiteElo "1939"]
[BlackElo "2010"]
[PlyCount "143"]
[EventDate "2008.10.11"]
[EventType "team-tourn"]
[EventRounds "11"]
[EventCountry "SVK"]
[SourceTitle "EXT 2010"]
[Source "ChessBase"]
[SourceDate "2010.11.25"]
[SourceVersion "1"]
[SourceVersionDate "2010.11.25"]
[SourceQuality "1"]
[WhiteTeam "Velke Kapusany Energetik"]
[BlackTeam "Gelnica Slovan"]
[WhiteTeamCountry "SVK"]
[BlackTeamCountry "SVK"]

1. d4 Nf6 2. c4 e5 3. d5 c6 4. Nc3 Bc5 5. e3 0-0 6. Be2 d6 7. Nf3 Qe7 8. 0-0 Nbd7 9. e4 h6 10. Qc2 a6 11. a3 cxd5 12. cxd5 Ba7 13. Bd2 b5 14. Rac1 Bb7 15. b4 Rfc8 16. Qb1 Nb6 17. Nh4 Qd7 18. Kh1 Nc4 19. Bxc4 Rxc4 20. Nf5 Ng4 21. Ne3 Nxe3 22. fxe3 Rac8 23. Ne2 Qg4 24. Ng3 Qd7 25. h3 Bb6 26. Nf5 Bd8 27. Rxc4 Rxc4 28. Rc1 Rxc1+ 29. Qxc1 Kh7 30. Qc2 h5 31. Be1 g6 32. Nh4 Kg7 33. Nf3 f6 34. Kg1 Bb6 35. Bf2 g5 36. Kh2 Kh6 37. Kg1 Kg6 38. Kf1 Kf7 39. Kg1 Ke8 40. Nd2 Kd8 41. Nf1 Qh7 42. Ng3 h4 43. Nf5 Bc7 44. Kh2 Qd7 45. Kg1 Bb6 46. Kh2 Bc7 47. Be1 Qe8 48. Ng7 Qd7 49. Ne6+ Kc8 50. Qxc7+ Qxc7 51. Nxc7 Kxc7 52. g4 hxg3+ 53. Kxg3 Kd8 54. h4 Ke7 55. hxg5 fxg5 56. Kg4 Kf6 57. Bg3 Kg6 58. Bf2 Bc8+ 59. Kg3 Kh5 60. Be1 Bg4 61. Bd2 Be2 62. Bc3 Kg6 63. Kf2 Bd3 64. Kf3 Bc2 65. Bb2 Bd1+ 66. Kg3 Kh5 67. Bc3 Kg6 68. Bb2 g4 69. Kh4 Bf3 70. Bc3 Bxe4 71. Kxg4 Bxd5 72. Be1 1-0